The study of spread of hemoparasite in cattle at semonorom and oraing distridct mondulkiri province, ការសិក្សាកំរិតរាលដាលនៃជំងឺប៉ារាសិត ក្នុងឈាមគោនៅភស្រុកសែនមនោរម្យ និង​ស្រុកអូររាំង ខេត្តមណ្ឌលគិរី (Record no. 2167)

000 -LEADER
fixed length control field 00742nam a22001577a 4500
003 - CONTROL NUMBER IDENTIFIER
control field OSt
005 - DATE AND TIME OF LATEST TRANSACTION
control field 20151021130342.0
008 - FIXED-LENGTH DATA ELEMENTS--GENERAL INFORMATION
fixed length control field 151007b xxu||||| |||| 00| 0 eng d
040 ## - CATALOGING SOURCE
Transcribing agency RUA
082 ## - DEWEY DECIMAL CLASSIFICATION NUMBER
Classification number AVM HAN 2006 B076 Or.1
100 ## - MAIN ENTRY--PERSONAL NAME
9 (RLIN) 2299
Personal name HANG, PISETH.
245 ## - TITLE STATEMENT
Title The study of spread of hemoparasite in cattle at semonorom and oraing distridct mondulkiri province, ការសិក្សាកំរិតរាលដាលនៃជំងឺប៉ារាសិត ក្នុងឈាមគោនៅភស្រុកសែនមនោរម្យ និង​ស្រុកអូររាំង ខេត្តមណ្ឌលគិរី
260 ## - PUBLICATION, DISTRIBUTION, ETC. (IMPRINT)
Place of publication, distribution, etc. Phnom Penh
Name of publisher, distributor, etc. RUA
Date of publication, distribution, etc. 2006
300 ## - PHYSICAL DESCRIPTION
Extent 48p.
Other physical details ill.
Dimensions 29cm.
942 ## - ADDED ENTRY ELEMENTS (KOHA)
Source of classification or shelving scheme
Koha item type ATM.s
Holdings
Price effective from Date last seen Permanent Location Not for loan Date acquired Date last checked out Source of classification or shelving scheme Koha item type Total Checkouts Barcode Lost status Damaged status Withdrawn status Current Location Full call number
2015-10-072018-08-27Library Block B 2015-10-072018-07-20 ATM.s5RUA016856   Library Block BAVM HAN 2006 B076 Or.1
មជ្ឈមណ្ឌលឯការនៃសាកលវិទ្យាល័យភូមិន្ទកសិកម្មចំការដូង

Powered by Koha